00319 a2200109 4500001000700000020000600007040001100013100002300024240007900047245007400126362000900200165473 a  cMagnum aKleiman, Angela B.10aO ensino e a formacao do professor: alfabetizacao de jovens e adultoslpor10aO ensino e a formacao do professor: alfabetizacao de jovens e adultos0 a1899